书目信息 |
| 题名: |
宝宝大书
|
|
| 作者: | 卡乐 编绘 | |
| 分册: | 趣味数字 | |
| 出版信息: | 北京 连环画出版社 2010.07 |
|
| 页数: | 1册 | |
| 开本: | 19×22cm | |
| 丛书名: | 小手撕不破 | |
| 单 册: | ||
| 中图分类: | G613 , G613.4 , G613.3 | |
| 科图分类: | ||
| 主题词: | 数学课--学前教育--教学参考资料 | |
| 电子资源: | ||
| ISBN: | 978-7-5056-1255-6 | |
| 000 | 00785oam2 2200289 450 | |
| 001 | 548128 | |
| 005 | 20241118094315.47 | |
| 010 | @a978-7-5056-1255-6@dCNY6.90 | |
| 100 | @a20170214d2010 bemy0chiy50 ea | |
| 101 | 0 | @achi |
| 102 | @aCN@b110000 | |
| 105 | @aa z 000yy | |
| 106 | @ar | |
| 200 | 1 | @a宝宝大书@9bao bao da shu@i趣味数字@f卡乐编绘 |
| 210 | @a北京@c连环画出版社@d2010.07 | |
| 215 | @a1册@c图@d19×22cm | |
| 225 | 2 | @a小手撕不破 |
| 330 | @a本书为宝宝大书趣味数字,供婴幼儿使用。 | |
| 333 | @a少儿 | |
| 461 | 0 | @12001 @a小手撕不破 |
| 606 | 0 | @a数学课@x学前教育@j教学参考资料 |
| 690 | @aG613@v5 | |
| 690 | @aG613.4@v5 | |
| 690 | @aG613.3@v4 | |
| 701 | 0 | @a卡乐@9ka le@4编绘 |
| 801 | 0 | @aCN@b人天书店@c20170214 |
| 905 | @f12@dG613.3@e2921:2@b1510048-59 | |
| 宝宝大书.趣味数字/卡乐编绘.-北京:连环画出版社,2010.07 |
| 1册:图;19×22cm.-(小手撕不破) |
| 使用对象:少儿 |
| ISBN 978-7-5056-1255-6:CNY6.90 |
| 本书为宝宝大书趣味数字,供婴幼儿使用。 |
| ● |
| 相关链接 |
|
|
|
|
正题名:宝宝大书
索取号:G613.3/2921:2
 
预约/预借
| 序号 | 登录号 | 条形码 | 馆藏地/架位号 | 状态 | 备注 |
| 1 | 1510048 | 215100487 | 不外借—密集书库/ [索取号:G613.3/2921:2] | 在馆 | |
| 2 | 1510049 | 215100496 | 不外借—密集书库/ [索取号:G613.3/2921:2] | 在馆 | |
| 3 | 1510050 | 215100502 | 第四借阅区/ [索取号:G613.3/2921:2] | 在馆 | |
| 4 | 1510051 | 215100511 | 第四借阅区/ [索取号:G613.3/2921:2] | 在馆 | |
| 5 | 1510052 | 215100520 | 第四借阅区/ [索取号:G613.3/2921:2] | 在馆 | |
| 6 | 1510053 | 215100539 | 第四借阅区/ [索取号:G613.3/2921:2] | 在馆 | |
| 7 | 1510054 | 215100548 | 第四借阅区/ [索取号:G613.3/2921:2] | 在馆 | |
| 8 | 1510055 | 215100557 | 教育系资料室/ [索取号:G613.3/2921:2] | 在馆 | |
| 9 | 1510056 | 215100566 | 教育系资料室/ [索取号:G613.3/2921:2] | 在馆 | |
| 10 | 1510057 | 215100575 | 教育系资料室/ [索取号:G613.3/2921:2] | 在馆 | |
| 11 | 1510058 | 215100584 | 教育系资料室/ [索取号:G613.3/2921:2] | 在馆 | |
| 12 | 1510059 | 215100593 | 教育系资料室/ [索取号:G613.3/2921:2] | 在馆 |